LEADER 01068nam a2200241 4500 001 000000367509 003 CaOOAMICUS 005 20260428164302.0 008 260428s2020 it 2 000 u ita r 040 $aSeMil$bita 100 1 $aGallo, Federico,$c.$0(OLS)http://semarc/name/37012 245 10$aPrimi appunti sui codici epigrafi di Francesco Ciceri /$cFederico Gallo. 264 1$aCittą del Vaticano :$bBiblioteca Apostolica Vaticana,$c2020. 300 $aP. 236-257 ;$c30 cm 500 $aEstratto da: Ambrosiana, Hagiographica, Vaticana in Studi e testi 535 600 14$aCiceri, Francesco <1521-1596>.$0(OLS)http://semarc/subject/45068 850 $aSeMil 852 $aSeMil$W1$xVenegono$y1$m5D XI 29/19$j271119$B258199$CSeMilBibl$Z2$F258199 $8M 941 1 $a7 961 $aOmaggio mons. Mario Delpini 996 $6245$aPrimi appunti sui codici epigrafi di Francesco Ciceri$9(OLS)http://semarc/title/459460 996 $6264$aCittą del Vaticano :$bBiblioteca Apostolica Vaticana$9(OLS)http://semarc/publisher/29667